Barriers to intergrity : modern modes of knowledge utilization

Bibliographic Details
Main Author: Kerr, Donald H. (Author)
Format: Book
Published: Boulder, Colo. : Westview Press , c1984
Series:Academy of Independent Scholars forum series
Subjects:

MARC

LEADER 00000cam a2200000 7i4500
001 0000005395
005 20040419093000.0
008 021118s1984
020 |a 0865316619 
090 0 0 |a BD175   |b .K47 
100 0 |a Kerr, Donald H. ,   |e author 
245 0 0 |a Barriers to intergrity :   |b modern modes of knowledge utilization   |c Donna H. Kerr 
260 2 |a Boulder, Colo. :   |b Westview Press ,   |c c1984 
300 |a xiv, 111 p. ;   |c 23 cm. 
440 0 0 |a Academy of Independent Scholars forum series 
504 |a Includes index 
650 0 |a Integrity 
650 0 |a Knowledge, Sociology of 
999 |a 1000048783   |b Book   |c OPEN SHELF (30 DAYS)   |e Gong Badak Campus